Collective Bargaining and Labor Relations Cases, Practice, and Law

Salvato in:
Dettagli Bibliografici
Natura: Libro
Lingua:inglese
Pubblicazione: Columbus Merrill Pub. Co. B.r.
Edizione:2. ed.
Tags: Aggiungi Tag
Nessun Tag, puoi essere il primo ad aggiungerne!!

MARC

LEADER 00000nam a2200000 4500
001 c023803
005 20221220101455.6
041 0 |a eng 
044 |a US 
245 1 0 |a Collective Bargaining and Labor Relations  |b Cases, Practice, and Law 
250 |a 2. ed. 
264 1 |a Columbus  |b Merrill Pub. Co.  |c B.r. 
300 |a 480 s.